| 000 | 01188nam a22003131 4500 | ||
|---|---|---|---|
| 001 | 143811 | ||
| 003 | SpMaBN | ||
| 005 | 20250928133241.0 | ||
| 008 | 981210s1962 sp spa | ||
| 016 | 7 |
_abimoBNE20000215794 _zIND9800834691 _2SpMaBN |
|
| 017 |
_aM 3782-1962 _bOficina Depósito Legal Madrid |
||
| 035 | _a(OCoLC)318441485 | ||
| 040 |
_aSpMaBN _bspa _cCDM _dES-MaACL |
||
| 080 | _a86(López, Alfonso 7. Fil. poet. 06) | ||
| 080 | _a86.08(04) | ||
| 080 | _a86.09"15/16" | ||
| 100 | 0 |
_aShepard, Sanford _0XX826518 _9106084 |
|
| 245 | 1 | 3 |
_aEl Pinciano y las teorías literarias del Siglo de Oro / _cSanford Shepard |
| 260 |
_aMadrid : _bGredos ; _b[Condor, _c1962] |
||
| 300 |
_a227 p. ; _c21 cm |
||
| 490 | 0 |
_aBiblioteca románica hispánica. II, Estudios y ensayos _v2 |
|
| 600 | 0 |
_aLópez Pinciano, Alonso- _xCrítica e interpretación _9227314 |
|
| 650 | 4 |
_aLiteratura española _yS.XVI-XVII _xHistoria y crítica _2embne _914571 |
|
| 830 |
_9178108 _aBiblioteca románica hispánica. II. Estudios y ensayos ; _v2 |
||
| 852 |
_aES-MaACL _bR.50369 _9149007 _cMES _jC-21581 |
||
| 942 |
_2udc _cMONOGRAFIA |
||
| 999 |
_c143811 _d143811 |
||